| 000 | 01537cam a2200133 4500500 | ||
|---|---|---|---|
| 005 | 20260405033311.0 | ||
| 041 | _afre | ||
| 042 | _adc | ||
| 100 | 1 | 0 |
_aHoquet, Thierry _eauthor |
| 245 | 0 | 0 | _aHistoire (dé)coloniale de la philosophie française : De la Renaissance à nos jours |
| 260 |
_bPresses Universitaires de France,
_c2025. |
||
| 520 | _aY eut-il un philosophe français pour protester contre la conquête d’Alger en 1830 ? Les cours de philosophie, généralement, ne nous l’apprennent pas. Et c’est ce vide que vient combler cette nouvelle histoire de la philosophie française, qui n’est pas une somme de problèmes abstraits, l’incarnation hexagonale ou francophone d’une philosophie pérenne. Elle naît de la rencontre des autres peuples au fil de diverses entreprises coloniales, à mesure que se modifient les contours de la France : « Nouvelle-France », « France antarctique » ou « équinoxiale », « Grande France ». La philosophie française ne naît donc pas avec le cogito de Descartes, mais dans une scène exemplaire, quand Montaigne, en 1562, rencontre à Rouen trois Tupinambas du Brésil, et en rend compte dans son essai « Des cannibales ». Le point de vue des autres sur la société française, tel qu’il s’exprime dans les textes des philosophes, renouvelle profondément notre regard et nous permet de penser autrement. | ||
| 856 | 4 | 1 | _uhttps://shs.cairn.info/histoire-decoloniale-de-la-philosophie-francaise--9782130875901?lang=fr&redirect-ssocas=7080 |
| 999 |
_c2160890 _d2160890 |
||